000 00452 a2200121 4500
001 ART_8044
005 20260410161831.0
008 260409a
245 1 0 _aHacia un modelo conjunto del aprendizaje organizativo en la cooperación interempresa
100 1 _aUbeda García, Mercedes
700 1 _aSabater Sempere, Vicente
773 0 _tBoletín de estudios económicos
_gEstrategia y empresa - Vol. 55, Nº 169 (abr. 2000)
_wREV5142
999 _c23243
_d23243